| 000 | 00577cam a22001931 4500 | ||
|---|---|---|---|
| 001 | 10180904 | ||
| 005 | 20250626091944.0 | ||
| 008 | 751009s1936 miu 000 0 eng | ||
| 050 | 0 | 0 |
_aBS650 _b.R5 1936 |
| 082 | _a215 | ||
| 100 | 1 |
_aRimmer, Harry, _d1890-1952. |
|
| 245 | 1 | 4 |
_aThe harmony of science and Scripture, _cby Harry Rimmer... |
| 260 |
_aGrand Rapids, Mich., _bWm. B. Eerdmans publishing co., _c1936. |
||
| 300 |
_a3 p. l., 5-283 p. _c20 cm. |
||
| 500 | _a"Fifth edition." | ||
| 650 | 0 | _aBible and science. | |
| 650 | 0 | _aReligion and science. | |
| 942 |
_2lcc _cBK _n0 |
||
| 999 |
_c6703 _d6703 |
||